Analysis of Selected Characteristics of E-Consumer Behavior of Czechs During the First Wave of the COVID-19 Pandemic
Analýza vybraných aspektov správania elektronického spotrebiteľa. Aplikácia inovatívnych metód hodnotenia interakcií zákazníkov v prostredí virtuálnej sociálnej siete Facebook. Analýza činnosti zákazníkov piatich najväčších subjektov elektronického obchodu na českom virtuálnom trhu z údajov počas pr...
Guardado en:
| Autor principal: | |
|---|---|
| Otros Autores: | , |
| Formato: | Capítulo de libro |
| Lenguaje: | inglés |
| Materias: | |
| Etiquetas: |
Sin Etiquetas, Sea el primero en etiquetar este registro!
|
MARC
| LEADER | 00000naa$a2200000$$$4500 | ||
|---|---|---|---|
| 001 | 0273173 | ||
| 005 | 20240502083832.6 | ||
| 041 | 0 | |a eng | |
| 044 | |a SI | ||
| 245 | 1 | 0 | |a Analysis of Selected Characteristics of E-Consumer Behavior of Czechs During the First Wave of the COVID-19 Pandemic |c František Pollák, Peter Markovič, Michal Konečný |
| 520 | |a Analýza vybraných aspektov správania elektronického spotrebiteľa. Aplikácia inovatívnych metód hodnotenia interakcií zákazníkov v prostredí virtuálnej sociálnej siete Facebook. Analýza činnosti zákazníkov piatich najväčších subjektov elektronického obchodu na českom virtuálnom trhu z údajov počas prvého mimoriadneho stavu vyhláseného v Českej republike v súvislosti s pandémiou ochorenia COVID‑19 spôsobeného novým koronavírusom. Vzorce spotrebiteľského správania, najmä rozsah a povaha ich interakcií v komunikácii B2C na sociálnej sieti Facebook, prostredníctvom analýzy údajov o interakciách skupín zákazníkov. Posun v načasovaní interakcií smerom k ranným hodinám, považovaný za dôsledok práce z domu a odchýlku od obvyklých vzorcov správania. Potreba zohľadnenia týchto vplyvov pri plánovaní marketingovej komunikácie. | ||
| 610 | 2 | 0 | |a pandémia |
| 610 | 2 | 0 | |a koronavírus |
| 610 | 2 | 0 | |a správanie spotrebiteľa |
| 610 | 2 | 0 | |a zákazníci |
| 610 | 2 | 0 | |a obchod elektronický |
| 610 | 2 | 0 | |a siete sociálne |
| 610 | 2 | 0 | |a komunikácia marketingová |
| 610 | 2 | 0 | |a Česko |
| 100 | 1 | |a Pollák, František, 1985- | |
| 700 | 1 | |a Markovič, Peter, 1974- | |
| 700 | 1 | |a Konečný, Michal, 1993- | |